Enciclopedia popular ilustrada de ciencias y artes / (Record no. 68773)

MARC details
000 -LEADER
campo de control de longitud fija 00691nam a22001815i 4500
001 - NÚMERO DE CONTROL
campo de control 68773
003 - IDENTIFICADOR DE NÚMERO DE CONTROL
campo de control ES-MaACL
005 - FECHA Y HORA DE LA ÚLTIMA TRANSACCIÓN
campo de control 20230906170346.0
007 - CAMPO FIJO DE DESCRIPCIÓN FÍSICA--INFORMACIÓN GENERAL
campo de control de longitud fija t|
008 - DATOS DE LONGITUD FIJA--INFORMACIÓN GENERAL
campo de control de longitud fija 940202m18811886sp ||||1| spa d
040 ## - FUENTE DE CATALOGACIÓN
Centro catalogador/agencia de origen AS
Lengua de catalogación spa
100 1# - ENTRADA PRINCIPAL--NOMBRE DE PERSONA
Nombre de persona Gillman, Federico.
9 (RLIN) 56982
245 10 - MENCIÓN DEL TÍTULO
Título Enciclopedia popular ilustrada de ciencias y artes /
Mención de responsabilidad, etc. formada con arreglo a la Enciclopedia iconográfica y el Conversations lexicon de Alemania por Federico Gillman.
260 ## - PUBLICACIÓN, DISTRIBUCIÓN, ETC.
Lugar de publicación, distribución, etc. Madrid :
Nombre del editor, distribuidor, etc. Gras y Compañía,
Fecha de publicación, distribución, etc. 1881-1886 (
Fabricante Enrique Rubiños)
300 ## - DESCRIPCIÓN FÍSICA
Extensión 9 v. :
Otras características físicas il. ;
Dimensiones 27 cm.
505 8# - NOTA DE CONTENIDO CON FORMATO
Nota de contenido con formato Contiene 4 v. de texto, 4 v. de atlas y 1 v. de indice
852 ## - LOCALIZACIÓN
Ubicación ES-MaACL
Número de control de estantería B-11818-25
condición física . - Falta el vol. 1
Holdings
Estatus retirado Estado de pérdida Estado de daño No para préstamo Colección Biblioteca de origen Biblioteca actual Ubicación en estantería Fecha de adquisición Fuente de adquisición Total de préstamos Signatura topográfica completa Código de barras Visto por última vez Precio de reemplazo Tipo de ítem Koha
        Colección de referencia Biblioteca del Ateneo de Madrid Biblioteca del Ateneo de Madrid Sala Pardo Bazán 17/01/2008     B-11818-25 1072007 23/02/2023 23/02/2023 Libro impreso antiguo